Music Quiz

Random Music or Clickable Quiz

'C' Albums by 3 Singles Quiz Stats

 Plays Quiz Updated May 13, 2019

Score 0/24 Timer 05:00
8 Plays Today
% Correct
Come On Over (Shania Twain)
90.9%
Colour by Numbers (Culture Club)
90.8%
Christina Aguilera (Christina Aguilera)
90.6%
Can't Slow Down (Lionel Richie)
86.5%
CrazySexyCool (TLC)
82.8%
Californication (Red Hot Chili Peppers)
80.5%
Cosmo's Factory (Creedence Clearwater Revival)
72.4%
The Colour & the Shape (Foo Fighters)
72.3%
Circus (Britney Spears)
69.3%
Control (Janet Jackson)
68.9%
Cooleyhighharmony (Boyz II Men)
66.2%
Confessions (Usher)
60.8%
% Correct
Continuum (John Mayer)
59.3%
Captain Fantastic and the Brown Dirt Cowboy (Elton John)
58.7%
Country Grammar (Nelly)
57.1%
The College Dropout (Kanye West)
56.6%
Come Away with Me (Norah Jones)
53.8%
Check Your Head (Beastie Boys)
52%
Core (Stone Temple Pilots)
49.9%
Chicken-N-Beer (Ludacris)
46.7%
Confessions on a Dance Floor (Madonna)
41.7%
Call Me (Al Green)
38.9%
Closer (Joy Division)
35.4%
Court and Spark (Joni Mitchell)
31.1%

You're not logged in!

Compare scores with friends on all Sporcle quizzes.
OR
Log In

Show Comments

Extras

Top Quizzes Today


Score Distribution

Your Account Isn't Verified!

In order to create a playlist on Sporcle, you need to verify the email address you used during registration. Go to your Sporcle Settings to finish the process.

Report this User

Report this user for behavior that violates our Community Guidelines.

Details: